Allgemeine Zustände des deutschen Volkes : (Rekord nr 27723)
| 000 -Nagłówek | |
|---|---|
| fixed length control field | 01862cam a2200433 i 4500 |
| 001 - Nr kontrolny bibl., która utworzyła rek. | |
| control field | xx005921407 |
| 003 - Siglum bibl., której nr kontr. jest w 001 | |
| control field | NUKAT |
| 005 - Data i czas ostatniej operacji | |
| control field | 20260422182217.0 |
| 008 - Elementy pola stałej długości | |
| fixed length control field | 260421s1883 gw g |001 0 ger c |
| 035 ## - Systemowy numer kontrolny | |
| systemowy numer kontrolny | (NUKAT)xx005921407 |
| 040 ## - Instytucja sporządzająca opis | |
| Instytucja, która sporządziła opis | OLSZT 008/LL |
| język katalgowania-trzyzn. kod | pol |
| zasady opisu | rda |
| Instytucja, która sporządziła rekord | OLSZT 008/LL |
| Instytucja, która zmodyfikowała rekord | OLSZT 008/LL |
| 045 2# - Okres czasu dla zawartości | |
| czas między r. 9999 pne a nasz. czas. | d1525 |
| -- | d1555 |
| 046 ## - Kod rodz. daty, data1, data2 (daty pne) | |
| Begin/single date | 1883 |
| 100 1# - Hasło główne-nazwa osobowa | |
| Nazwa osobowa | Janssen, Johannes |
| Daty biograficzne | (1829-1891). |
| rodzaj współpracy | Autor |
| 9 (RLIN) | 40327 |
| 245 10 - Tytuł właściwy i oznaczenie odpow. | |
| tytuł | Allgemeine Zustände des deutschen Volkes : |
| dodatek do tytułu | seit dem Ausgang der socialen revolution bis zum sogenannten Augsburger Religionsfrieden von 1555 / |
| dod. inf. ze s. tyt./ozn. odpow. | von Johannes Janssen. |
| 246 13 - Inne formy tytułu, wariant tytułu | |
| tytuł | Die politisch-kirchliche Revolution der Fürsten und Städte und ihre Folgen für Volk und Reich bis zum sogenannten Augsburger Religionsfrieden von 1555 |
| 250 ## - Oznaczenie wydania | |
| oznaczenie wydania | Neunte bis zwölfte Auflage. |
| 260 ## - Adres wydawniczy | |
| miejsce wydania, dystrybucji itp. | Freiburg im Bresigau : |
| nazwa wydawcy, dystrybutora itp. | Herder'sche Verlagshandlung, |
| data wydania, dystrybucji itp. | 1883. |
| 300 ## - Opis fizyczny | |
| objętość i/lub forma materiału | XXXIX, [1], 753 strony ; |
| format | 23 cm. |
| 336 ## - Content Type | |
| Term | Tekst |
| Code | txt |
| Source | rdacontent |
| 337 ## - Media Type | |
| Term | Bez urządzenia pośredniczącego |
| Code | n |
| Source | rdamedia |
| 338 ## - Carrier Type | |
| Term | Wolumin |
| Code | nc |
| Source | rdacarrier |
| 380 ## - Form of work | |
| Form of work | Książki |
| 380 ## - Form of work | |
| Form of work | Publikacje naukowe |
| 388 1# - TIME PERIOD OF CREATION | |
| Time period of creation term | 1801-1900 |
| 490 1# - Tytuł serii i ks. wielotom.-nie do wysz. | |
| oznaczenie serii | Geschichte des deutschen Volkes seit dem Ausgang des Mittelalters / von Johannes Janssen ; |
| numer woluminu | Bd. 3 |
| 504 ## - Uwaga o bibliografii | |
| uwaga o bibliografii | Bibliografia na stronach XXV-XXXIX. Indeksy. |
| 648 #7 - SUBJECT ADDED ENTRY--CHRONOLOGICAL TERM | |
| Chronological term | 1501-1600 |
| Source of heading or term | DBN |
| 9 (RLIN) | 36032 |
| 650 #7 - Hasło przedmiotowe-nazwa pospolita | |
| nazwa pospolita lub geogr. | Ewangelicyzm augsburski |
| źródło hasła | DBN |
| 9 (RLIN) | 35711 |
| 650 #7 - Hasło przedmiotowe-nazwa pospolita | |
| nazwa pospolita lub geogr. | Reformacja |
| źródło hasła | DBN |
| 9 (RLIN) | 35694 |
| 651 #7 - Hasło przedmiotowe-nazwa geogr. | |
| nazwa geograficzna | Niemcy |
| źródło hasła | DBN |
| 9 (RLIN) | 35243 |
| 651 #7 - Hasło przedmiotowe-nazwa geogr. | |
| nazwa geograficzna | Niemcy |
| określnik chronologiczny | 16 w. |
| źródło hasła | kaba |
| 9 (RLIN) | 33473 |
| 651 #7 - Hasło przedmiotowe-nazwa geogr. | |
| nazwa geograficzna | Niemcy |
| określnik rzeczowy | historia. |
| źródło hasła | kaba |
| 9 (RLIN) | 5835 |
| 658 ## - Nazwa określająca cel programu nauczania | |
| główny cel programu nauczania | Historia |
| 658 ## - Nazwa określająca cel programu nauczania | |
| główny cel programu nauczania | Religia i duchowość |
| 710 2# - Hasło dodatkowe - nazwa ciała zbior. | |
| nazwa ciała zbior. lub nazwa geogr. | Herdersche Verlagsbuchhandlung. |
| rodzaj współpracy | Wydawca |
| kod rodzaju współpracy | pbl |
| 9 (RLIN) | 36009 |
| 800 1# - Hasło dod. op. ks. wielotom.-nazwa os. | |
| nazwa osobowa | Janssen, Johannes |
| daty biograficzne | (1829-1891). |
| tytuł pracy | Geschichte des deutschen Volkes seit dem Ausgang des Mittelalters |
| oznaczenie tomu | Bd. 3 |
| 9 (RLIN) | 40328 |
| 942 ## - ADDED ENTRY ELEMENTS (KOHA) | |
| Source of classification or shelving scheme | Dewey Decimal Classification |
| Koha item type | pozycje dostępne na miejscu |
| Status wycofania | Status zagubienia | Klasyfikacja | Status uszkodzenia | Blokada wypożyczeń | Kolekcja | Lokalizacja macierzysta | Lokalizacja bieżąca | Data nabycia | Numer akcesji | Źródło akcesji | Nr inwentarzowy | il. wypożyczeń | Sygnatura | Kod kreskowy | Date last seen | Price effective from | Typ egz. |
|---|---|---|---|---|---|---|---|---|---|---|---|---|---|---|---|---|---|
| Dewey Decimal Classification | nieuszkodzona | Pracownia Badań Księgozbiorów Historycznych | Biblioteka Instytutu Północnego w Olsztynie | Pracownia Badań Księgozbiorów Historycznych | 22/04/2026 | W-52/1965 | wymiana | 16310/3 | 16310/3 | IPWK16665 | 22/04/2026 | 22/04/2026 | pozycje dostępne na miejscu |